[Event "45th Olympiad 2024"]
[Site "Budapest HUN"]
[Date "2024.09.22"]
[Round "11.43"]
[Board "1"]
[White "Bai, Adelard"]
[Black "Zambrana, Osvaldo"]
[Result "1/2-1/2"]
[WhiteElo "2378"]
[BlackElo "2405"]
[PlyCount "60"]
[EventDate "2024.09.11"]
[WhiteTeam "Chinese Taipei"]
[BlackTeam "Bolivia"]
[BlackTeamCountry "BOL"]

1. d4 d5 2. c4 e6 3. Nc3 h6 4. cxd5 exd5 5. Bf4 Nf6 6. e3 Bd6 7. Bxd6 Qxd6 8. Bd3 O-O 9. h3 Nbd7 10. Nf3 c6 11. O-O Qe7 12. Qc2 b6 $146 ({RR} 12... Re8 13. Ne2 Ne4 14. Bxe4 dxe4 15. Nd2 Nf6 16. Ng3 h5 17. f3 exf3 18. Rxf3 h4 19. Nf5 Bxf5 20. Qxf5 Rad8 21. Nc4 Ne4 22. Ne5 Ng5 23. Rf4 f6 24. Ng4 Qf7 25. Raf1 Rd5 26. Qc2 Rd6 27. Rxf6 {1-0 Tang,Z (2253)-Zatonskih,A (2348) American Cup Elim w 2024 (1.2)}) 13. e4 dxe4 14. Nxe4 Bb7 15. Rfe1 Nxe4 16. Bxe4 Qd6 17. Ne5 Nf6 18. Bxc6 Rac8 19. Rac1 Rc7 20. b4 a6 21. a4 Qxb4 22. Qd1 Bxc6 23. Rxc6 Rfc8 24. Rxc7 Rxc7 25. Ng4 Nxg4 26. hxg4 Rc8 27. d5 Rd8 28. Re3 g6 29. g3 Qd6 30. Qb3 b5 1/2-1/2

[Event "45th Olympiad 2024"]
[Site "Budapest HUN"]
[Date "2024.09.22"]
[Round "11.43"]
[Board "2"]
[White "Ticona Rocabado, Licael Roderick"]
[Black "Song, Raymond"]
[Result "1-0"]
[WhiteElo "2321"]
[BlackElo "2503"]
[PlyCount "103"]
[EventDate "2024.09.11"]
[WhiteTeam "Bolivia"]
[BlackTeam "Chinese Taipei"]
[WhiteTeamCountry "BOL"]

1. d4 Nf6 2. c4 e6 3. Nf3 d5 4. e3 Be7 5. Nbd2 O-O 6. Bd3 c5 7. O-O cxd4 8. exd4 ({RR} 8. Nxd4 Nc6 9. Nxc6 bxc6 10. e4 e5 11. Kh1 Be6 12. Qe2 Qc7 13. b3 d4 14. f4 Bg4 15. Nf3 Nd7 16. h3 Bxf3 17. Rxf3 exf4 18. Bxf4 Bd6 19. Bd2 Ne5 20. Rf5 c5 21. Bf4 Rae8 22. Bxe5 {½-½ Sielicki,T (2015)-Paprocki,A (1828) TCh-POL 2nd League 2024 (1.59)}) 8... dxc4 9. Nxc4 b6 10. Bf4 $146 ({RR} 10. Bg5 Bb7 11. Qe2 Na6 12. Na5 Bxf3 13. Qxf3 bxa5 14. Bxa6 Qxd4 15. Qe2 Rab8 16. b3 Qb6 17. Bc4 Nd5 18. Bxe7 Nxe7 19. Rfd1 Rfd8 20. Rxd8+ Rxd8 21. Rd1 g6 22. h3 Rd6 23. Qf3 Rxd1+ 24. Qxd1 Qc7 {1-0 Goetz,A (2062)-Hein,M (1956) Regionalliga NO 1213 2012 (1.8)}) 10... Bb7 11. Qe2 Nc6 12. Rfd1 Nb4 13. Bb1 Rc8 14. Nfe5 Ba6 15. a3 Nc6 16. Nxc6 Rxc6 17. Bd3 Bb7 18. Ne3 Rc8 19. Ba6 Qd7 20. Be5 Nd5 21. Bxb7 Qxb7 22. Qg4 Nf6 23. Qg3 Rfd8 24. d5 Kh8 25. Qf4 exd5 26. Nf5 Ne8 27. Nxg7 Nxg7 28. Qxf7 Rg8 29. Rd3 Rcf8 30. Qg6 Bh4 31. Rh3 Qe7 32. Qh5 Rf4 33. g3 Re4 34. Rxh4 Rxh4 35. gxh4 Qe8 36. Qg5 Qg6 37. Rc1 Re8 38. f4 Kg8 39. Rc7 Nf5 40. Rxa7 Rc8 41. h5 Rc1+ 42. Kf2 Rc2+ 43. Kf3 Nh4+ 44. Kg4 Qxg5+ 45. fxg5 Rc4+ 46. Kg3 Re4 47. Bf6 Nf5+ 48. Kf3 Nh4+ 49. Kf2 Nf5 50. g6 hxg6 51. hxg6 Re8 52. Rh7 1-0

[Event "45th Olympiad 2024"]
[Site "Budapest HUN"]
[Date "2024.09.22"]
[Round "11.43"]
[Board "3"]
[White "Yang, ching Wei"]
[Black "Pinto, Daniel"]
[Result "0-1"]
[WhiteElo "2121"]
[BlackElo "2273"]
[PlyCount "180"]
[EventDate "2024.09.11"]
[WhiteTeam "Chinese Taipei"]
[BlackTeam "Bolivia"]
[BlackTeamCountry "BOL"]

1. d4 Nf6 2. c4 c6 3. Nc3 d5 4. e3 Bf5 5. cxd5 Nxd5 6. Qb3 Qb6 7. Qxb6 axb6 8. Nxd5 cxd5 9. Bd2 Nc6 10. Nf3 f6 $146 ({RR} 10... e6 11. Bb5 Bd6 12. O-O O-O 13. Rfc1 Rfc8 14. Bc3 f6 15. h3 Bg6 16. Ne1 Rc7 17. Bd3 Bf7 18. Rc2 Rac8 19. Rac1 Na5 20. Bb4 Rxc2 21. Rxc2 Rxc2 22. Nxc2 Bxb4 23. Nxb4 Kf8 24. Kf1 h6 25. Ke1 {1-0 Swiderski,R-Marshall,F DSB Kongress-13 Meisterturnier-12 1902 (15)}) ({RR} 10... Bd7 11. Be2 e6 12. O-O Bd6 13. Rfc1 Ke7 14. Bd3 f5 15. Bc3 Rhc8 16. Kf1 Na7 17. Ke2 Bb5 18. a3 Rc6 19. Bxb5 Nxb5 20. Bd2 Ra4 21. h3 Kd7 22. Kd1 Rac4 {½-½ Vranesic,Z-Soltis,A Chicago 1973 (7)}) 11. Bb5 e6 12. Ke2 Bd6 13. Rac1 Kd7 14. a3 h5 15. Ne1 h4 16. Nd3 h3 17. g3 g5 18. Rc3 e5 19. dxe5 fxe5 20. Rhc1 Rac8 21. Rb3 Rhf8 22. Nb4 Be4 23. Ba4 Bxb4 24. Bxb4 Rf6 25. Be1 Kc7 26. Bc3 Rf5 27. f4 gxf4 28. exf4 exf4 29. gxf4 Rg8 30. Be5+ Rxe5 31. fxe5 Rg2+ 32. Ke3 Rxh2 33. Kf4 Rf2+ 34. Kg3 Rf5 35. Kxh3 Rxe5 36. Rg3 Rh5+ 37. Kg4 Rh2 38. Kf4 Rxb2 39. Rg7+ Kd6 40. Rxb7 Ne5 41. Rc8 Rf2+ 42. Kg3 Rf3+ 43. Kh4 Rf4+ 44. Kg5 Rg4+ 45. Kh6 Rh4+ 46. Kg5 Nf3+ 47. Kf6 Rh6+ 48. Kg7 Rh7+ 49. Kf6 Rxb7 50. Rc6+ Kd7 51. Bb5 Nd4 52. Rxb6+ Kc7 53. Rxb7+ Kxb7 54. Bf1 Kb6 55. Ke5 Kc5 56. Kf4 Bc2 57. Ke3 Nb5 58. Kd2 Ba4 59. Be2 Nxa3 60. Bf3 d4 61. Be4 Nc4+ 62. Kd3 Ne5+ 63. Kd2 Kc4 64. Bf5 d3 65. Bxd3+ Nxd3 66. Ke3 Bc6 67. Ke2 Kd4 68. Kd2 Bf3 69. Kc2 Nc5 70. Kd2 Nb3+ 71. Kc2 Kc4 72. Kb2 Be4 73. Ka3 Kc3 74. Ka2 Bf5 75. Ka3 Bb1 76. Ka4 Nd4 77. Ka5 Kc4 78. Kb6 Nb5 79. Kc6 Bf5 80. Kb6 Be4 81. Ka5 Kc5 82. Ka6 Nd6 83. Ka5 Bc6 84. Ka6 Bb5+ 85. Ka7 Kc6 86. Kb8 Kb6 87. Ka8 Ba6 88. Kb8 Nc4 89. Ka8 Na5 90. Kb8 Nc6+ 0-1

[Event "45th Olympiad 2024"]
[Site "Budapest HUN"]
[Date "2024.09.22"]
[Round "11.43"]
[Board "4"]
[White "Montevilla Cahuasa, Jonathan I."]
[Black "Wang, Ting-Hao"]
[Result "1/2-1/2"]
[WhiteElo "2064"]
[BlackElo "1842"]
[PlyCount "161"]
[EventDate "2024.09.11"]
[WhiteTeam "Bolivia"]
[BlackTeam "Chinese Taipei"]
[WhiteTeamCountry "BOL"]

1. e4 c6 2. d4 d5 3. e5 c5 4. Nf3 Bg4 5. dxc5 Nc6 6. c3 e6 7. Be3 a6 8. Nbd2 Nxe5 9. Be2 Nc6 10. O-O Nge7 11. b4 $146 ({RR} 11. h3 Bxf3 12. Nxf3 Nf5 13. Bd4 Be7 14. Bd3 Nfxd4 15. cxd4 Bf6 16. Bc2 O-O 17. Rb1 a5 18. a3 Qc7 19. b4 axb4 20. axb4 b5 21. Qd3 g6 22. Qxb5 Rfb8 23. Qd3 Rxb4 24. Rxb4 Nxb4 25. Qc3 Nc6 {½-½ Esquivias Quintero,L (2269)-Matamoros Franco,C (2441) TCh-ESP 2nd Div 2023 (4.12)}) ({RR} 11. Qb3 Qc7 12. h3 Bxf3 13. Nxf3 Nf5 14. Bd4 Be7 15. Bd3 Nfxd4 16. cxd4 Bf6 17. Qa4 O-O 18. Rad1 g6 19. Rfe1 b6 20. b4 Nxd4 21. Nxd4 Bxd4 22. Bxa6 bxc5 23. bxc5 Bxc5 24. Qb5 Qa7 25. Re2 Rfb8 {0-1 Kostic,V (1999)-Vokhidov,S (2596) Titled Tue 26th Mar Early 2024 (2)}) 11... Nf5 12. Bd4 Be7 13. h3 Bxf3 14. Nxf3 O-O 15. Bd3 Nfxd4 16. cxd4 Bf6 17. Rb1 Qc7 18. Re1 b6 19. a4 Rfb8 20. Qd2 Nxd4 21. Nxd4 Bxd4 22. Bxh7+ Kxh7 23. Qxd4 Kg8 24. Rec1 bxc5 25. Rxc5 Qd7 26. Rb3 Rc8 27. Rg3 f5 28. Rgc3 Rxc5 29. Rxc5 Qd6 30. g3 Kf7 31. b5 axb5 32. Rxb5 Qc6 33. Qb4 Ra7 34. a5 d4 35. Rb6 Qd5 36. a6 Rd7 37. Rb7 d3 38. Rxd7+ Qxd7 39. Qd2 Qd4 40. a7 Qxa7 41. Qxd3 Qa1+ 42. Kg2 Qa8+ 43. Kh2 Qc6 44. h4 g6 45. Qe3 Qd7 46. Qe2 Qd4 47. f4 Kf6 48. Qg2 Qa1 49. Qc2 Qf1 50. Qc3+ Kf7 51. Qc7+ Kf6 52. Qd8+ Kf7 53. Qd7+ Kf6 54. Qd4+ Kf7 55. Qb2 Qf3 56. Qd2 Qf1 57. Qe3 Kf6 58. Qc3+ Kf7 59. Qb2 Qf3 60. Qg2 Qd1 61. Kh3 Qg4+ 62. Kh2 Qd1 63. Qf2 Kf6 64. Qb2+ Kf7 65. Qc3 Qf1 66. Qd2 Kf6 67. Qd8+ Kf7 68. Qa8 Qe2+ 69. Qg2 Qd1 70. Qf2 Kf6 71. Kg2 Qd5+ 72. Qf3 Qd2+ 73. Kh3 Qe1 74. Qg2 Qd1 75. Qa8 Qg4+ 76. Kh2 Qe2+ 77. Kg1 Qe1+ 78. Kh2 Qe2+ 79. Kg1 Qe1+ 80. Kh2 Qe2+ 81. Kg1 1/2-1/2

[Event "45th Olympiad 2024"]
[Site "Budapest HUN"]
[Date "2024.09.22"]
[Round "11.44"]
[Board "1"]
[White "Al Hosani, Omran"]
[Black "Al-Ali, Hussein Ali Hussein"]
[Result "1/2-1/2"]
[WhiteElo "2241"]
[BlackElo "2122"]
[PlyCount "103"]
[EventDate "2024.09.11"]
[WhiteTeam "United Arab Emirates"]
[BlackTeam "Iraq"]
[WhiteTeamCountry "UAE"]
[BlackTeamCountry "IRQ"]

1. c4 Nf6 2. Nc3 e5 3. Nf3 d6 4. g3 Be7 5. Bg2 O-O 6. O-O c6 7. Qc2 Be6 ({RR} 7... Bg4 8. Rd1 Qb6 9. d4 Nbd7 10. Be3 Qa6 11. b3 Rfe8 12. h3 Bh5 13. Nh4 Rad8 14. Rd2 exd4 15. Bxd4 Bg6 16. Nxg6 hxg6 17. Rad1 Qa5 18. Be3 Nf8 19. Bf4 Qb4 20. g4 Ne6 21. Bg3 a5 22. e3 {0-1 Nihal,S (2682)-Zhigalko,S (2572) Titled Tue 30th Jul Late 2024 (8)}) ({RR} 7... Re8 8. d4 Bf8 9. e4 a6 10. Rd1 Nbd7 11. b3 b5 12. Bb2 Qc7 13. Rac1 b4 14. Na4 c5 15. d5 g6 16. Rf1 Bh6 17. Rce1 Nh5 18. Nh4 Qd8 19. Bc1 Bg5 20. Bxg5 Qxg5 21. Qc1 Qxc1 {½-½ Silva,E (1793)-Moura,E (2055) 10th Floripa Open 2024 (4.60)}) 8. b3 Nbd7 9. d4 Bg4 $146 ({RR} 9... exd4 10. Nxd4 Rc8 11. Nxe6 fxe6 12. Bh3 Kf7 13. e4 Qa5 14. g4 Ne5 15. f3 Qc5+ 16. Kh1 h6 17. Bf4 Ng6 18. Bg3 b5 19. f4 bxc4 20. e5 cxb3 21. axb3 Nd5 22. Rf3 Nh4 23. Bf2 Qb4 24. Ra4 {1-0 Idrisov,V (1956)-Basov,G Astrakhan op 2009 (3)}) 10. Rd1 Qc7 11. Bb2 Rfe8 12. Nh4 Bf8 13. h3 Bh5 14. g4 Bg6 15. Nxg6 hxg6 16. e3 g5 17. b4 exd4 18. exd4 d5 19. cxd5 cxd5 20. Qf5 Nb6 21. Rac1 Qf4 22. Qxf4 gxf4 23. a3 a6 24. g5 Ne4 25. Re1 Nxc3 26. Bxc3 Bd6 27. Bf3 Kf8 28. Kg2 g6 29. h4 Rxe1 30. Bxe1 Rd8 31. Kh3 Rd7 32. Kg4 Kg7 33. Rc3 f5+ 34. gxf6+ Kxf6 35. Bd2 Rh7 36. Bg2 Ke6 37. Rf3 Nd7 38. Bxf4 Nf6+ 39. Kg5 Ne4+ 40. Kxg6 Rxh4 41. Bxd6 Rg4+ 42. Kh6 Kxd6 43. Bh3 Rh4+ 44. Kg6 Nxf2 45. Bc8 Kc7 46. Bxb7 Kxb7 47. Rxf2 Rxd4 48. Kf5 Rd3 49. Ke5 Rxa3 50. Kxd5 Rc3 51. Kd4 Rc1 52. Rf6 1/2-1/2

[Event "45th Olympiad 2024"]
[Site "Budapest HUN"]
[Date "2024.09.22"]
[Round "11.44"]
[Board "2"]
[White "Zozek Salah Mohammed"]
[Black "Ammar, Sedrani"]
[Result "0-1"]
[WhiteElo "2180"]
[BlackElo "2226"]
[PlyCount "121"]
[EventDate "2024.09.11"]
[WhiteTeam "Iraq"]
[BlackTeam "United Arab Emirates"]
[WhiteTeamCountry "IRQ"]
[BlackTeamCountry "UAE"]

1. d4 d5 2. c4 e6 3. Nc3 Nf6 4. Nf3 Be7 5. Bg5 O-O 6. e3 h6 7. Bh4 Ne4 8. Bxe7 Qxe7 9. Rc1 c6 10. Bd3 Nxc3 11. Rxc3 Nd7 12. O-O Rd8 ({RR} 12... a6 13. Qc2 dxc4 14. Bxc4 b5 15. Bd3 Bb7 16. Rc1 Rac8 17. Bh7+ Kh8 18. Be4 Qd6 19. Bxc6 b4 20. Bxb7 bxc3 21. Bxc8 Rxc8 22. bxc3 Qa3 23. c4 Nb6 24. c5 Nd5 25. Ne5 Kg8 26. Nc4 Qb4 27. e4 {1-0 Orzech,D (2308)-Manukyan,S (2163) Titled Tue 28th Mar Early 2023 (3)}) 13. Qc2 dxc4 14. Bxc4 Nb6 15. e4 $146 ({RR} 15. Bb3 Bd7 16. Qe4 Nd5 17. Rc4 Rac8 18. Rfc1 Be8 19. Rc5 f6 20. a3 Rc7 21. h3 g5 22. Bxd5 exd5 23. Qxe7 Rxe7 24. b4 a6 25. a4 Kf8 26. Kf1 Rd6 27. Ke1 Bd7 28. Kd2 Kf7 29. Rh1 Kg8 {1-0 Taboas Rodriguez,D (2348)-Campora,D (2420) Lisbon Portugal op 2020 (8)}) 15... Bd7 16. Be2 Be8 17. a4 Nd7 18. Rd1 e5 19. d5 Nf6 20. Bc4 Rd6 21. Nh4 g6 22. dxc6 Rxd1+ 23. Qxd1 Nxe4 24. Nxg6 Qf6 25. Rf3 Rd8 26. Bd5 Qd6 27. Rd3 Qf6 28. Bxe4 Rxd3 29. Qxd3 Bxc6 30. Bxc6 bxc6 31. Nxe5 Qxe5 32. Qg3+ Qxg3 33. hxg3 Kg7 34. Kf1 Kf6 35. Ke2 Ke5 36. Kd3 Kd5 37. g4 a5 38. Kc3 Kc5 39. b4+ axb4+ 40. Kb3 Kd4 41. a5 Kc5 42. a6 Kb6 43. Kxb4 Kxa6 44. Kc5 Kb7 45. f4 Kc7 46. g5 hxg5 47. fxg5 Kd7 48. Kc4 Kd6 49. Kd4 c5+ 50. Kc4 Kc6 51. Kc3 Kd5 52. Kd3 c4+ 53. Kc3 Kc5 54. Kc2 Kd4 55. Kd2 c3+ 56. Kc2 Kc4 57. Kc1 Kd3 58. Kd1 c2+ 59. Kc1 Kc3 60. g3 Kd3 61. g4 0-1

[Event "45th Olympiad 2024"]
[Site "Budapest HUN"]
[Date "2024.09.22"]
[Round "11.44"]
[Board "3"]
[White "Ahmed, Fareed"]
[Black "Salih, Akar Ali Salih"]
[Result "0-1"]
[WhiteElo "2061"]
[BlackElo "2174"]
[PlyCount "58"]
[EventDate "2024.09.11"]
[WhiteTeam "United Arab Emirates"]
[BlackTeam "Iraq"]
[WhiteTeamCountry "UAE"]
[BlackTeamCountry "IRQ"]

1. e4 c5 2. Nf3 Nc6 3. d4 cxd4 4. Nxd4 Nf6 5. Nc3 h5 6. Nb3 g6 7. Bg5 ({RR} 7. Be2 Bg7 8. O-O d6 9. Re1 Be6 10. Bf1 Rc8 11. Nd5 O-O 12. c3 Ne5 13. Bg5 Re8 14. Nxf6+ exf6 15. Bf4 a6 16. Qd2 g5 17. Be3 Nc4 18. Bxc4 Bxc4 19. Nd4 Rxe4 20. Nf5 Re5 21. Nxg7 Kxg7 {½-½ Niekras,D (2357)-Lewtak,D (2356) TCh-POL 1st League 2024 (2.1)}) 7... Bg7 8. Qd2 d6 9. O-O-O O-O $146 ({RR} 9... a5 10. Bb5 a4 11. Bxa4 Bd7 12. Bb5 Nb4 13. a3 Na2+ 14. Nxa2 Bxb5 15. Qb4 Bc6 16. f3 O-O 17. Kb1 Qc7 18. Be3 d5 19. Bb6 Qb8 20. Nc3 dxe4 21. fxe4 Nxe4 22. Nxe4 Ra4 23. Qxe7 Rxe4 24. Qc7 {0-1 Plaskan,J (2269)-Sedlak,N (2422) 32nd Kavala Open 2023 (3.19)}) 10. h3 Re8 11. f3 Be6 12. Nd5 a5 13. Bxf6 exf6 14. a4 Rc8 15. Bb5 f5 16. Kb1 fxe4 17. fxe4 f5 18. Rhe1 Kh7 19. exf5 Bxf5 20. Rxe8 Qxe8 21. Nxa5 Qe4 22. Nc4 Nd4 23. Nde3 Nxb5 24. g4 Be6 25. axb5 Bxc4 26. gxh5 gxh5 27. Nxc4 Rxc4 28. Rg1 Rc5 29. Rg5 Bh6 0-1

[Event "45th Olympiad 2024"]
[Site "Budapest HUN"]
[Date "2024.09.22"]
[Round "11.44"]
[Board "4"]
[White "Alothman, Ali Layth Ahmed"]
[Black "Sultan, Ibrahim"]
[Result "1-0"]
[WhiteElo "2161"]
[BlackElo "2206"]
[PlyCount "75"]
[EventDate "2024.09.11"]
[WhiteTeam "Iraq"]
[BlackTeam "United Arab Emirates"]
[WhiteTeamCountry "IRQ"]
[BlackTeamCountry "UAE"]

1. Nf3 Nf6 2. c4 e6 3. g3 d5 4. Bg2 d4 5. d3 c5 6. e4 Nc6 7. e5 Nd7 8. Qe2 Qc7 ({RR} 8... Be7 9. h4 b6 10. Bf4 Bb7 11. Kf1 Qc7 12. Na3 a6 13. Nc2 O-O-O 14. a3 Kb8 15. Kg1 a5 16. b4 cxb4 17. axb4 Bxb4 18. Bg5 f6 19. exf6 gxf6 20. Bd2 Bxd2 21. Nxd2 e5 22. Na3 Nc5 23. Nb5 {0-1 Grischuk,A (2778)-Mamedyarov,S (2782) Zagreb GCT Blitz 2021 (13)}) 9. Bf4 g5 10. Nxg5 Ndxe5 11. Nd2 $146 ({RR} 11. O-O Qe7 12. Bxe5 Nxe5 13. Qxe5 f6 14. Qe2 fxg5 15. Qh5+ Kd8 16. Nd2 Bd7 17. Bxb7 Be8 18. Qf3 g4 19. Qg2 Rb8 20. Bc6 Bg6 21. Be4 Bh6 22. Nb3 Be8 23. Rfe1 Qd6 24. Qf1 Bg5 25. Qe2 h5 {1-0 Pantsulaia,L (2518)-Kenbeilov,T (2177) 43rd Benasque Open 2024 (3.11)}) 11... Bg7 12. O-O Qe7 13. Bxe5 Nxe5 14. f4 Nc6 15. Rae1 Bd7 16. a3 h6 17. Ngf3 O-O 18. Nh4 Rfe8 19. Qh5 Qf8 20. f5 exf5 21. Nxf5 Bxf5 22. Qxf5 Re3 23. Bd5 Ne5 24. Be4 Qe7 25. Qh7+ Kf8 26. Rd1 Qg5 27. Rf5 Qe7 28. Rdf1 Rd8 29. Bd5 Rd7 30. Ne4 b6 31. Nf6 Bxf6 32. Rxf6 Ke8 33. Re6 Nf3+ 34. Rxf3 Re1+ 35. Kf2 Rxe6 36. Qg8+ Qf8 37. Qxf8+ Kxf8 38. Bxe6 1-0

[Event "45th Olympiad 2024"]
[Site "Budapest HUN"]
[Date "2024.09.22"]
[Round "11.45"]
[Board "1"]
[White "Xie, Felix"]
[Black "Juarez Flores, Carlos A."]
[Result "0-1"]
[WhiteElo "2320"]
[BlackElo "2308"]
[PlyCount "82"]
[EventDate "2024.09.11"]
[WhiteTeam "New Zealand"]
[BlackTeam "Guatemala"]
[WhiteTeamCountry "NZL"]
[BlackTeamCountry "GUA"]

1. e4 c6 2. Nc3 d5 3. Nf3 dxe4 4. Nxe4 Nf6 5. Qe2 Nxe4 6. Qxe4 Nd7 7. Bc4 Nf6 8. Ne5 e6 9. Qe2 Be7 10. O-O ({RR} 10. c3 O-O 11. d4 c5 12. dxc5 Bxc5 13. O-O Nd7 14. Bf4 Nxe5 15. Bxe5 f6 16. Rad1 Qb6 17. Bd4 Bxd4 18. Rxd4 Kh8 19. f4 Bd7 20. Qf2 Bc6 21. Rd6 Qc7 22. Qc5 Rfd8 23. Rfd1 Rxd6 24. Qxd6 Qb6+ {0-1 Shanava,K (2504)-Paichadze,L (2565) Gaprindashvili Cup op 2nd rapid 2020 (3)}) 10... O-O 11. Rd1 c5 ({RR} 11... Qd6 12. d4 b5 13. Bd3 Nd5 14. a4 b4 15. c4 bxc3 16. bxc3 g6 17. Qf3 f5 18. c4 Nb4 19. Bf4 Qxd4 20. Bxf5 Qc5 21. Bxg6 hxg6 22. Qg3 g5 23. Be3 Rf5 24. Bxc5 Bxc5 25. Rd8+ Kg7 26. Qh3 {1-0 Docampo Beltran,D (2378)-Valle,L (2232) III Sant Joan de Alacant 2024 (7.5)}) 12. a4 $146 ({RR} 12. d4 cxd4 13. c3 Qc7 14. Rxd4 b6 15. Bf4 Qc5 16. b4 Qc7 17. Ng6 Qb7 18. Nxe7+ Qxe7 19. Bd6 Qe8 20. Bxf8 Qxf8 21. Rad1 Bb7 22. h3 Nd5 23. Bxd5 Bxd5 24. c4 Bc6 25. b5 Bb7 26. Rd7 Rb8 {1-0 Burdalev,K (2359)-Kuzhilniy,O (1747) Bogdanovich Memorial Qual 1 blitz 2021 (1)}) 12... Qc7 13. b3 Nd5 14. Bb2 Bf6 15. d4 cxd4 16. Bxd4 Rd8 17. Qe4 Be7 18. a5 Bd7 19. Nxf7 Kxf7 20. Bxd5 exd5 21. Qxh7 Bf6 22. Qh5+ Kf8 23. Bxf6 gxf6 24. Rxd5 Kg7 25. Rd3 Rh8 26. Qf3 Qxh2+ 27. Kf1 Qh1+ 28. Ke2 Rae8+ 29. Kd2 Qxa1 30. Rxd7+ Kf8 31. Qxb7 Qxa5+ 32. b4 Qg5+ 33. Kc3 Qe5+ 34. Kb3 Rh1 35. Rf7+ Kg8 36. Rg7+ Kh8 37. Qf7 Rb1+ 38. Ka4 Qa1+ 39. Kb5 Rb8+ 40. Kc6 Qc3+ 41. Kd6 Rd1+ 0-1

[Event "45th Olympiad 2024"]
[Site "Budapest HUN"]
[Date "2024.09.22"]
[Round "11.45"]
[Board "2"]
[White "Giron Chavez, David Emanuel"]
[Black "Renjith, Sravan"]
[Result "0-1"]
[WhiteElo "2065"]
[BlackElo "2325"]
[PlyCount "74"]
[EventDate "2024.09.11"]
[WhiteTeam "Guatemala"]
[BlackTeam "New Zealand"]
[WhiteTeamCountry "GUA"]
[BlackTeamCountry "NZL"]

1. e4 e5 2. Nf3 Nc6 3. Bc4 Bc5 4. c3 Nf6 5. Qe2 O-O 6. Bb3 d5 7. d3 h6 ({RR} 7... Be6 8. Ng5 Ne7 9. Nxe6 fxe6 10. O-O Ng6 11. g3 c6 12. Nd2 a5 13. Nf3 Qb6 14. Ng5 Rae8 15. Bd2 h6 16. Nh3 Qb5 17. Rae1 a4 18. Bc2 Qxb2 19. Bxa4 dxe4 20. dxe4 Rd8 21. Bc1 Qxc3 22. Bb3 {1-0 Hector,J (2530)-Sokolov,I (2676) Politiken Cup 34th 2012 (5)}) 8. O-O ({RR} 8. Nbd2 Be6 9. O-O Re8 10. Ba4 Bd7 11. Bb3 d4 12. h3 a5 13. cxd4 Bxd4 14. Ba4 Nh5 15. Nxd4 Nf4 16. Qd1 Nxd4 17. Bxd7 Qxd7 18. Nc4 Nde2+ 19. Kh2 Qxd3 20. Bxf4 Qxc4 21. Be3 Red8 22. b3 Rxd1 {0-1 Annaberdiev,M (2458)-Durarbayli,V (2627) Titled Tue 26th Dec Late 2023 (3)}) 8... Re8 9. Be3 $146 ({RR} 9. Nbd2 Be6 10. Bc2 a5 11. a4 d4 12. Nb3 Bb6 13. cxd4 Nxd4 14. Nfxd4 Bxd4 15. Nxd4 Qxd4 16. Be3 Qb4 17. Qd2 Qxd2 18. Bxd2 Nd7 19. Bc3 f6 20. d4 exd4 21. Bxd4 Ne5 22. Rfd1 Rad8 23. f3 Nc6 {½-½ Broday,G (2074)-Robichaud,L (2039) Montreal CMA Futurity ABCD 2017 (2)}) ({RR} 9. Rd1 a6 10. Nbd2 Bf8 11. Nf1 Na5 12. Bc2 c5 13. h3 d4 14. Bd2 Nc6 15. Bb3 Na5 16. Bc2 Nc6 17. Bb3 b5 18. cxd4 cxd4 19. a3 a5 20. g4 a4 21. Ba2 Nh7 22. Ng3 g6 23. Kh2 Na5 {0-1 Pribyl,J (2143)-Dufek,J (2306) CZE-chT2B 1718 2017 (9.2)}) 9... Bf8 10. Nbd2 d4 11. cxd4 exd4 12. Bf4 Na5 13. Ba4 Bd7 14. Bxd7 Qxd7 15. Ne5 Qb5 16. Nec4 Nxc4 17. Nxc4 c5 18. Bd6 Rad8 19. Bxf8 Kxf8 20. Qc2 Qd7 21. a4 b6 22. h3 Kg8 23. f4 Qe7 24. Rae1 Rb8 25. f5 Qc7 26. e5 Nd7 27. Qe2 Nxe5 28. f6 gxf6 29. Rxf6 Nf3+ 30. Qxf3 Rxe1+ 31. Kf2 Rbe8 32. Qg4+ Kh7 33. Nd6 R8e2+ 34. Kg3 Re6 35. Qf5+ Kh8 36. Rxf7 Qxd6+ 37. Kh4 Qd8+ 0-1

[Event "45th Olympiad 2024"]
[Site "Budapest HUN"]
[Date "2024.09.22"]
[Round "11.45"]
[Board "3"]
[White "Croad, Nicolas"]
[Black "Galvez Dastin, Eduardo"]
[Result "1-0"]
[WhiteElo "2195"]
[BlackElo "2100"]
[PlyCount "107"]
[EventDate "2024.09.11"]
[WhiteTeam "New Zealand"]
[BlackTeam "Guatemala"]
[WhiteTeamCountry "NZL"]
[BlackTeamCountry "GUA"]

1. d4 d5 2. c4 c6 3. Nf3 Nf6 4. e3 Bf5 5. Nc3 e6 6. Nh4 Bg6 7. Bd2 c5 $146 ({RR} 7... Nbd7 8. Qb3 Qc7 9. cxd5 exd5 10. g3 Be7 11. a4 Ne4 12. Nxe4 Bxh4 13. Qxb7 Qxb7 14. Nd6+ {1-0 Volkov,S (2623)-Demin,V (2459) Moscow op-A 04th 2008 (2)}) ({RR} 7... Nbd7 8. Nxg6 hxg6 9. Qc2 Be7 10. Be2 Qc7 11. h3 O-O 12. O-O dxc4 13. Bxc4 c5 14. dxc5 Nxc5 15. Rac1 Rac8 16. Rfd1 Rfd8 17. Qb1 Qe5 18. Be2 a6 19. Be1 Qf5 20. Bf3 b5 21. b4 Nd3 22. Bg4 {1-0 Jakovenko,D (2737)-Rodshtein,M (2609) EU-Cup 24th Kallithea 2008 (4)}) ({RR} 7... Nbd7 8. Nxg6 hxg6 9. Qb3 Qc7 10. g3 Be7 11. Bg2 Nb6 12. cxd5 exd5 13. O-O Nc4 14. Be1 Nd6 15. f3 Nf5 16. Bf2 O-O-O 17. Rfd1 Bd6 18. Nb5 Qb6 19. Nxd6+ Nxd6 20. Qc2 Rde8 21. Rd3 Qc7 22. Rc1 {0-1 Can,E (2547)-Starostits,I (2344) 45th Olympiad 2024 (4.12)}) ({RR} 7... Nbd7 8. Nxg6 hxg6 9. Qb3 Qb6 10. g3 Be7 11. Be2 g5 12. h3 Qc7 13. O-O-O O-O-O 14. Kb1 Qb6 15. Rc1 Kb8 16. Qc2 Rh6 17. c5 Qc7 18. e4 Nxe4 19. Nxe4 dxe4 20. h4 gxh4 21. Bf4 e5 22. Bxh6 {0-1 Orizondo,H (2144)-Subervi Nunez,J (2250) Santo Domingo op 2006 (8)}) ({RR} 7... Nbd7 8. Rc1 Bd6 9. Nxg6 hxg6 10. g3 Qe7 11. Qb3 Rb8 12. Bg2 dxc4 13. Qxc4 e5 14. O-O exd4 15. exd4 O-O 16. Rfe1 Qd8 17. Qa4 Nb6 18. Qb3 Re8 19. Be3 Qd7 20. a4 Bf8 21. Bf4 Rbd8 22. Rxe8 {0-1 Kempinski,R (2603)-Sjugirov,S (2622) EU-ch rapid playoff blitz 2011 (3)}) 8. cxd5 exd5 9. Qb3 cxd4 10. exd4 Qe7+ 11. Be2 Nc6 12. Nxg6 hxg6 13. O-O Nxd4 14. Qa4+ Nc6 15. Rfe1 Qb4 16. Bb5+ Kd7 17. Nxd5 Qxa4 18. Nxf6+ gxf6 19. Bxa4 Bd6 20. h3 Rh4 21. Bxc6+ bxc6 22. Bc3 Rf4 23. Rad1 c5 24. g3 Rf5 25. Re4 Kc6 26. Ra4 Be5 27. g4 Rf3 28. Kg2 Rxc3 29. bxc3 Bxc3 30. Rc4 Bb4 31. a4 Re8 32. Rd3 g5 33. Kf3 Re7 34. Re4 Re6 35. Rd8 Bc3 36. Ra8 a5 37. Ra7 Kd5 38. Rd7+ Rd6 39. Rxd6+ Kxd6 40. Rc4 Bd4 41. Ke4 Bxf2 42. Rc1 Bd4 43. Rb1 Kc6 44. Rb5 Bc3 45. Kd3 Bb4 46. Kc4 Kd6 47. Rb7 Ke6 48. Rc7 f5 49. gxf5+ Kxf5 50. Rxf7+ Kg6 51. Rf3 Kh5 52. Rg3 Kh4 53. Rg4+ Kxh3 54. Rxg5 1-0